[Event "Redbull chessmasters 2019"]
[Site "Istambul"]
[Date "2019.11.24"]
[Round "7.10"]
[White "Olcum, Ahmet"]
[Black "Burcu, Cagatay"]
[Result "0-1"]
[WhiteElo "2303"]
[BlackElo "2331"]
[Annotator "NA"]
[PlyCount "68"]
[EventDate "2019.11.23"]
[EventType "k.o."]
[EventCountry "TUR"]
[SourceTitle "playchess.com"]
[Source "ChessBase"]
[SourceQuality "1"]
[TimeControl "600+5"]

1. e4 {[%emt 0:00:00]} e6 {[%emt 0:00:06]} 2. d3 {[%emt 0:00:01]} d5 {[%emt 0:00:05]} 3. Nd2 {[%emt 0:00:05]} Nf6 {[%emt 0:00:07]} 4. Ngf3 {[%emt 0:00:00]} c5 {[%emt 0:00:00]} 5. g3 {[%emt 0:00:03]} Nc6 {[%emt 0:00:01]} 6. Bg2 {[%emt 0:00:05]} Be7 {[%emt 0:00:05]} 7. O-O {[%emt 0:00:05]} O-O {[%emt 0:00:02]} 8. Re1 {[%emt 0:00:00]} Qc7 {[%emt 0:00:00]} 9. e5 {[%emt 0:00:00]} Nd7 {[%emt 0:00:04]} 10. Qe2 {[%emt 0:00:00]} b5 {[%emt 0:00:05]} 11. Nf1 {[%emt 0:00:01]} Bb7 {[%emt 0:00:00]} 12. h4 {[%emt 0:00:04]} Rfc8 {[%emt 0:00:00]} 13. c3 {[%emt 0:00:36]} a5 {[%emt 0:00:00]} 14. Bf4 {[%emt 0:00:05]} b4 {[%emt 0:00:04]} 15. Ne3 {[%emt 0:00:05]} Qd8 {[%emt 0:00:03]} 16. c4 {[%emt 0:00:01]} Nd4 {[%emt 0:00:31]} 17. Nxd4 {[%emt 0:00:15]} cxd4 {[%emt 0:00:02]} 18. Ng4 {[%emt 0:01:28]} Nc5 {[%emt 0:00:02]} 19. cxd5 {[%emt 0:01:06]} Bxd5 {[%emt 0:00:02]} 20. Bxd5 {[%emt 0:00:44]} Qxd5 {[%emt 0:00:02]} 21. h5 {[%emt 0:01:31]} h6 {[%emt 0:00:18]} 22. Rac1 {[%emt 0:02:29]} b3 {[%emt 0:00:31]} 23. a3 {[%emt 0:00:05]} Na4 {[%emt 0:01:18]} 24. Bxh6 {[%emt 0:00:34]} Nxb2 {[%emt 0:03:22]} 25. Qxb2 {[%emt 0:01:03]} gxh6 {[%emt 0:00:03]} 26. Nxh6+ {[%emt 0:00:13]} Kg7 {[%emt 0:00:05]} 27. Ng4 {[%emt 0:00:07]} Bg5 {[%emt 0:00:29]} 28. f4 {[%emt 0:00:53]} Qf3 {[%emt 0:00:03]} 29. fxg5 {[%emt 0:00:25]} Qxg4 {[%emt 0:00:02]} 30. h6+ {[%emt 0:00:14]} Kg6 {[%emt 0:00:25]} 31. Kg2 {[%emt 0:00:10]} Qxg5 {[%emt 0:00:24]} 32. Rf1 {[%emt 0:00:05]} Qxe5 {[%emt 0:00:24]} 33. Rce1 {[%emt 0:00:03]} Qd5+ {[%emt 0:00:10]} 34. Kh3 {[%emt 0:00:07]} Rc2 {[%emt 0:00:06]} 0-1

[Event "Redbull chessmasters 2019"]
[Site "Istambul"]
[Date "2019.11.24"]
[Round "7.11"]
[White "Yazici, Ugur Doga"]
[Black "Isik, Esref"]
[Result "1-0"]
[WhiteElo "2195"]
[BlackElo "1920"]
[Annotator "NA"]
[PlyCount "65"]
[EventDate "2019.11.23"]
[EventType "k.o."]
[EventCountry "TUR"]
[SourceTitle "playchess.com"]
[Source "ChessBase"]
[SourceQuality "1"]
[TimeControl "600+5"]

1. e4 {[%emt 0:00:00]} c5 {[%emt 0:00:00]} 2. Nf3 {[%emt 0:00:05]} Nc6 {[%emt 0:00:00]} 3. Bb5 {[%emt 0:00:00]} e6 {[%emt 0:00:00]} 4. Bxc6 {[%emt 0:00:04]} bxc6 {[%emt 0:00:04]} 5. d3 {[%emt 0:00:05]} d5 {[%emt 0:00:05]} 6. Nbd2 {[%emt 0:00:00]} Nf6 {[%emt 0:00:00]} 7. O-O {[%emt 0:00:00]} Be7 {[%emt 0:00:10]} 8. Re1 {[%emt 0:00:06]} O-O {[%emt 0:00:27]} 9. b3 {[%emt 0:00:03]} a5 {[%emt 0:00:21]} 10. a4 {[%emt 0:00:04]} Qc7 {[%emt 0:00:22]} 11. Bb2 {[%emt 0:00:24]} d4 {[%emt 0:00:26]} 12. e5 {[%emt 0:00:58]} Nd5 {[%emt 0:00:15]} 13. Ne4 {[%emt 0:00:07]} f5 {[%emt 0:00:33]} 14. exf6 {[%emt 0:00:09]} Bxf6 {[%emt 0:00:40]} 15. Ba3 {[%emt 0:00:32]} Nb4 {[%emt 0:01:01]} 16. Nxc5 {[%emt 0:00:13]} e5 {[%emt 0:00:01]} 17. Bxb4 {[%emt 0:00:22]} axb4 {[%emt 0:00:01]} 18. Qe2 {[%emt 0:00:28]} Qe7 {[%emt 0:00:33]} 19. Ne4 {[%emt 0:00:06]} Ra5 {[%emt 0:00:45]} 20. Nfd2 {[%emt 0:00:11]} Bg5 {[%emt 0:00:27]} 21. Nc4 {[%emt 0:00:08]} Rd5 {[%emt 0:00:03]} 22. Qh5 {[%emt 0:00:14]} Bh6 {[%emt 0:00:15]} 23. Ng3 {[%emt 0:00:34]} e4 {[%emt 0:00:37]} 24. Rxe4 {[%emt 0:01:09]} Qf6 {[%emt 0:02:17]} 25. Qe2 {[%emt 0:00:06]} Bf5 {[%emt 0:00:42]} 26. Nxf5 {[%emt 0:00:35]} Rxf5 {[%emt 0:00:07]} 27. f3 {[%emt 0:00:03]} c5 {[%emt 0:00:14]} 28. a5 {[%emt 0:00:02]} Qg6 {[%emt 0:00:59]} 29. Kh1 {[%emt 0:00:20]} R5f6 {[%emt 0:00:12]} 30. Ne5 {[%emt 0:00:15]} Qf5 {[%emt 0:00:14]} 31. a6 {[%emt 0:00:35]} Ra8 {[%emt 0:00:07]} 32. a7 {[%emt 0:00:03]} Rf7 {[%emt 0:00:05]} 33. Nxf7 {[%emt 0:00:00]} 1-0

[Event "Redbull chessmasters 2019"]
[Site "Istambul"]
[Date "2019.11.24"]
[Round "7.12"]
[White "Gur, Tuba"]
[Black "Aydin, Leyla"]
[Result "1-0"]
[WhiteElo "1782"]
[BlackElo "1333"]
[Annotator "NA"]
[PlyCount "81"]
[EventDate "2019.11.23"]
[EventType "k.o."]
[EventCountry "TUR"]
[SourceTitle "playchess.com"]
[Source "ChessBase"]
[SourceQuality "1"]
[TimeControl "600+5"]

1. d4 {[%emt 0:00:00]} Nf6 {[%emt 0:00:00]} 2. Nf3 {[%emt 0:00:01]} e6 {[%emt 0:00:01]} 3. e3 {[%emt 0:00:01]} b6 {[%emt 0:00:05]} 4. Bd3 {[%emt 0:00:05]} Bb7 {[%emt 0:00:00]} 5. O-O {[%emt 0:00:07]} d6 {[%emt 0:00:11]} 6. b3 {[%emt 0:00:05]} Nbd7 {[%emt 0:00:05]} 7. Bb2 {[%emt 0:00:05]} Be7 {[%emt 0:00:05]} 8. Nbd2 {[%emt 0:00:05]} O-O {[%emt 0:00:05]} 9. Qe2 {[%emt 0:00:00]} c5 {[%emt 0:00:35]} 10. c4 {[%emt 0:00:00]} d5 {[%emt 0:00:51]} 11. Ne5 {[%emt 0:00:09]} Bd6 {[%emt 0:00:52]} 12. f4 {[%emt 0:00:01]} Ne4 {[%emt 0:01:03]} 13. f5 {[%emt 0:02:18]} exf5 {[%emt 0:01:11]} 14. Rxf5 {[%emt 0:00:03]} Nxd2 {[%emt 0:00:35]} 15. Qxd2 {[%emt 0:00:05]} Nxe5 {[%emt 0:00:05]} 16. dxe5 {[%emt 0:00:01]} Be7 {[%emt 0:00:23]} 17. cxd5 {[%emt 0:01:02]} Bxd5 {[%emt 0:00:11]} 18. Qc3 {[%emt 0:00:38]} Be6 {[%emt 0:00:19]} 19. Rf2 {[%emt 0:00:04]} Bh4 {[%emt 0:00:04]} 20. Rf3 {[%emt 0:00:22]} Bg5 {[%emt 0:00:14]} 21. Bf5 {[%emt 0:00:33]} Re8 {[%emt 0:00:45]} 22. Raf1 {[%emt 0:00:08]} Bd5 {[%emt 0:01:04]} 23. e4 {[%emt 0:00:09]} Bc6 {[%emt 0:00:33]} 24. e6 {[%emt 0:00:43]} f6 {[%emt 0:00:04]} 25. Rh3 {[%emt 0:00:47]} h6 {[%emt 0:00:40]} 26. Qf3 {[%emt 0:00:05]} Re7 {[%emt 0:00:23]} 27. Qh5 {[%emt 0:00:13]} Be8 {[%emt 0:00:01]} 28. Qf3 {[%emt 0:00:19]} Qd2 {[%emt 0:00:07]} 29. Ba1 {[%emt 0:00:17]} Rd8 {[%emt 0:00:14]} 30. e5 {[%emt 0:00:03]} Rc8 {[%emt 0:01:00]} 31. exf6 {[%emt 0:00:12]} Bxf6 {[%emt 0:00:05]} 32. Bxf6 {[%emt 0:00:03]} gxf6 {[%emt 0:00:21]} 33. Rxh6 {[%emt 0:00:28]} Qxh6 {[%emt 0:00:02]} 34. Qg3+ {[%emt 0:00:13]} Qg7 {[%emt 0:00:02]} 35. Qd6 {[%emt 0:00:14]} Rcc7 {[%emt 0:00:12]} 36. Rf3 {[%emt 0:00:08]} Kf8 {[%emt 0:00:14]} 37. Qf4 {[%emt 0:00:22]} Bc6 {[%emt 0:00:12]} 38. Rg3 {[%emt 0:00:03]} Qh8 {[%emt 0:00:08]} 39. Rh3 {[%emt 0:00:45]} Qg7 {[%emt 0:00:05]} 40. Rg3 {[%emt 0:00:23]} Qh8 {[%emt 0:00:03]} 41. Rg6 {[%emt 0:00:15]} 1-0

[Event "Redbull chessmasters 2019"]
[Site "Istambul"]
[Date "2019.11.24"]
[Round "7.13"]
[White "Ozenir, Ekin Baris"]
[Black "Kilic, Ihsan"]
[Result "1-0"]
[WhiteElo "2274"]
[BlackElo "1941"]
[Annotator "NA"]
[PlyCount "47"]
[EventDate "2019.11.23"]
[EventType "k.o."]
[EventCountry "TUR"]
[SourceTitle "playchess.com"]
[Source "ChessBase"]
[SourceQuality "1"]
[TimeControl "600+5"]

1. d4 {[%emt 0:00:00]} d5 {[%emt 0:00:00]} 2. c4 {[%emt 0:00:01]} e6 {[%emt 0:00:05]} 3. Nc3 {[%emt 0:00:05]} f5 {[%emt 0:00:00]} 4. Nf3 {[%emt 0:00:00]} c6 {[%emt 0:00:01]} 5. Bf4 {[%emt 0:00:00]} Bd6 {[%emt 0:00:00]} 6. e3 {[%emt 0:00:04]} Nf6 {[%emt 0:00:04]} 7. Bd3 {[%emt 0:00:05]} O-O {[%emt 0:00:00]} 8. Qc2 {[%emt 0:00:08]} Ne4 {[%emt 0:00:00]} 9. O-O {[%emt 0:00:07]} b6 {[%emt 0:00:01]} 10. Ne5 {[%emt 0:00:11]} Bb7 {[%emt 0:00:04]} 11. f3 {[%emt 0:00:05]} Nxc3 {[%emt 0:00:05]} 12. bxc3 {[%emt 0:00:03]} Qe7 {[%emt 0:00:06]} 13. e4 {[%emt 0:00:06]} fxe4 {[%emt 0:00:12]} 14. fxe4 {[%emt 0:00:01]} dxc4 {[%emt 0:02:22]} 15. Bxc4 {[%emt 0:00:03]} Nd7 {[%emt 0:00:04]} 16. Nd3 {[%emt 0:00:07]} Kh8 {[%emt 0:00:21]} 17. Bxd6 {[%emt 0:00:09]} Qxd6 {[%emt 0:00:05]} 18. e5 {[%emt 0:00:05]} Qe7 {[%emt 0:00:05]} 19. Nf4 {[%emt 0:00:00]} c5 {[%emt 0:00:49]} 20. Qd3 {[%emt 0:00:31]} Rad8 {[%emt 0:00:48]} 21. Ng6+ {[%emt 0:00:10]} hxg6 {[%emt 0:00:35]} 22. Qh3+ {[%emt 0:00:01]} Kg8 {[%emt 0:00:08]} 23. Bxe6+ {[%emt 0:00:05]} Rf7 {[%emt 0:00:02]} 24. Bxf7+ {[%emt 0:00:01]} 1-0

[Event "Redbull chessmasters 2019"]
[Site "Istambul"]
[Date "2019.11.24"]
[Round "7.14"]
[White "Cil, Batuhan"]
[Black "Alak, Agdar"]
[Result "0-1"]
[WhiteElo "1737"]
[BlackElo "1482"]
[Annotator "NA"]
[PlyCount "97"]
[EventDate "2019.11.23"]
[EventType "k.o."]
[EventCountry "TUR"]
[SourceTitle "playchess.com"]
[Source "ChessBase"]
[SourceQuality "1"]
[TimeControl "600+5"]

1. e4 {[%emt 0:00:00]} Nf6 {[%emt 0:00:00]} 2. e5 {[%emt 0:00:05]} Nd5 {[%emt 0:00:05]} 3. Bc4 {[%emt 0:00:00]} Nb6 {[%emt 0:00:00]} 4. Bb3 {[%emt 0:00:00]} d5 {[%emt 0:00:09]} 5. d4 {[%emt 0:00:33]} Nc6 {[%emt 0:00:28]} 6. c3 {[%emt 0:00:12]} Bf5 {[%emt 0:00:08]} 7. g4 {[%emt 0:00:38]} Be4 {[%emt 0:00:05]} 8. f3 {[%emt 0:00:13]} Bg6 {[%emt 0:00:09]} 9. h4 {[%emt 0:00:29]} h5 {[%emt 0:00:12]} 10. g5 {[%emt 0:00:45]} e6 {[%emt 0:00:03]} 11. Nh3 {[%emt 0:00:11]} Na5 {[%emt 0:00:09]} 12. Bc2 {[%emt 0:00:30]} Bxc2 {[%emt 0:00:15]} 13. Qxc2 {[%emt 0:00:01]} g6 {[%emt 0:00:07]} 14. Nf4 {[%emt 0:00:26]} c5 {[%emt 0:00:06]} 15. Be3 {[%emt 0:01:00]} Nac4 {[%emt 0:00:23]} 16. Bf2 {[%emt 0:00:17]} Rc8 {[%emt 0:00:22]} 17. b3 {[%emt 0:00:28]} Na5 {[%emt 0:00:25]} 18. dxc5 {[%emt 0:00:24]} Nd7 {[%emt 0:00:01]} 19. Bd4 {[%emt 0:01:13]} Qc7 {[%emt 0:00:18]} 20. b4 {[%emt 0:00:41]} Nc4 {[%emt 0:00:26]} 21. O-O {[%emt 0:00:40]} Bg7 {[%emt 0:00:41]} 22. Re1 {[%emt 0:00:43]} O-O {[%emt 0:00:15]} 23. Nd2 {[%emt 0:00:41]} Ndxe5 {[%emt 0:00:13]} 24. Bxe5 {[%emt 0:00:48]} Nxe5 {[%emt 0:00:14]} 25. Ng2 {[%emt 0:00:32]} Rcd8 {[%emt 0:00:54]} 26. Kf2 {[%emt 0:00:08]} b6 {[%emt 0:00:28]} 27. Nb3 {[%emt 0:00:13]} Nd7 {[%emt 0:00:32]} 28. Rad1 {[%emt 0:00:18]} bxc5 {[%emt 0:00:06]} 29. b5 {[%emt 0:00:03]} c4 {[%emt 0:00:30]} 30. Nd4 {[%emt 0:00:03]} Qb6 {[%emt 0:00:11]} 31. Kf1 {[%emt 0:00:11]} Bxd4 {[%emt 0:00:33]} 32. Rxd4 {[%emt 0:00:04]} Kh7 {[%emt 0:00:38]} 33. a4 {[%emt 0:00:02]} Nc5 {[%emt 0:00:00]} 34. Nf4 {[%emt 0:00:11]} Rfe8 {[%emt 0:00:22]} 35. Nxh5 {[%emt 0:00:01]} Nd3 {[%emt 0:01:35]} 36. Nf6+ {[%emt 0:00:05]} Kh8 {[%emt 0:00:00]} 37. Re2 {[%emt 0:00:10]} e5 {[%emt 0:00:37]} 38. Rg4 {[%emt 0:00:02]} Re6 {[%emt 0:00:16]} 39. h5 {[%emt 0:00:00]} Rxf6 {[%emt 0:00:15]} 40. gxf6 {[%emt 0:00:04]} Qxf6 {[%emt 0:00:05]} 41. Rf2 {[%emt 0:00:14]} Nxf2 {[%emt 0:00:19]} 42. Qxf2 {[%emt 0:00:02]} Kg7 {[%emt 0:00:16]} 43. hxg6 {[%emt 0:00:07]} fxg6 {[%emt 0:00:00]} 44. Qxa7+ {[%emt 0:00:01]} Kg8 {[%emt 0:00:17]} 45. Kg2 {[%emt 0:00:05]} Rf8 {[%emt 0:00:05]} 46. Rg3 {[%emt 0:00:08]} e4 {[%emt 0:00:00]} 47. Qc5 {[%emt 0:00:05]} exf3+ {[%emt 0:00:02]} 48. Kf2 {[%emt 0:00:04]} Qf5 {[%emt 0:00:06]} 49. Qd4 {[%emt 0:00:14]} 0-1

[Event "Redbull chessmasters 2019"]
[Site "Istambul"]
[Date "2019.11.24"]
[Round "7.15"]
[White "Sabahi, Cem"]
[Black "Tofan, Ismail"]
[Result "0-1"]
[WhiteElo "1604"]
[BlackElo "1685"]
[Annotator "NA"]
[PlyCount "88"]
[EventDate "2019.11.23"]
[EventType "k.o."]
[EventCountry "TUR"]
[SourceTitle "playchess.com"]
[Source "ChessBase"]
[SourceQuality "1"]
[TimeControl "600+5"]

1. e4 {[%emt 0:00:00]} d6 {[%emt 0:00:00]} 2. d3 {[%emt 0:00:03]} Nf6 {[%emt 0:00:01]} 3. Nf3 {[%emt 0:00:05]} g6 {[%emt 0:00:05]} 4. g3 {[%emt 0:00:05]} Bg7 {[%emt 0:00:05]} 5. Bg2 {[%emt 0:00:05]} O-O {[%emt 0:00:05]} 6. O-O {[%emt 0:00:05]} c5 {[%emt 0:00:00]} 7. c3 {[%emt 0:00:00]} Nc6 {[%emt 0:00:00]} 8. Re1 {[%emt 0:00:06]} a6 {[%emt 0:00:00]} 9. a4 {[%emt 0:00:05]} Bd7 {[%emt 0:00:00]} 10. Nbd2 {[%emt 0:00:14]} b5 {[%emt 0:00:00]} 11. axb5 {[%emt 0:00:05]} axb5 {[%emt 0:00:00]} 12. Rxa8 {[%emt 0:00:11]} Qxa8 {[%emt 0:00:00]} 13. d4 {[%emt 0:00:05]} e5 {[%emt 0:00:08]} 14. dxc5 {[%emt 0:01:13]} dxc5 {[%emt 0:00:05]} 15. Nb3 {[%emt 0:00:03]} c4 {[%emt 0:00:35]} 16. Nc5 {[%emt 0:00:05]} Rd8 {[%emt 0:00:08]} 17. Qe2 {[%emt 0:00:51]} Bg4 {[%emt 0:00:41]} 18. h3 {[%emt 0:00:21]} Bxf3 {[%emt 0:00:26]} 19. Qxf3 {[%emt 0:00:16]} Nd7 {[%emt 0:00:10]} 20. Be3 {[%emt 0:01:06]} Nxc5 {[%emt 0:00:51]} 21. Bxc5 {[%emt 0:00:05]} Rd2 {[%emt 0:00:05]} 22. Re2 {[%emt 0:00:37]} Qa1+ {[%emt 0:00:06]} 23. Kh2 {[%emt 0:00:09]} Qxb2 {[%emt 0:00:03]} 24. Rxd2 {[%emt 0:00:31]} Qxd2 {[%emt 0:00:06]} 25. Qg4 {[%emt 0:00:08]} Qd8 {[%emt 0:00:00]} 26. h4 {[%emt 0:00:26]} h5 {[%emt 0:00:00]} 27. Qe2 {[%emt 0:00:53]} Na5 {[%emt 0:00:16]} 28. Qa2 {[%emt 0:00:48]} Nb3 {[%emt 0:00:01]} 29. Bb4 {[%emt 0:00:12]} Qb6 {[%emt 0:00:39]} 30. Qa8+ {[%emt 0:01:14]} Kh7 {[%emt 0:00:05]} 31. Kg1 {[%emt 0:00:00]} Nc1 {[%emt 0:00:12]} 32. Bf1 {[%emt 0:00:28]} Nb3 {[%emt 0:02:09]} 33. Qd5 {[%emt 0:00:03]} Qf6 {[%emt 0:02:25]} 34. Qxb5 {[%emt 0:00:49]} Nd2 {[%emt 0:00:01]} 35. Qd5 {[%emt 0:00:54]} Nf3+ {[%emt 0:00:19]} 36. Kg2 {[%emt 0:00:07]} Ne1+ {[%emt 0:00:06]} 37. Kg1 {[%emt 0:00:16]} Nf3+ {[%emt 0:01:51]} 38. Kg2 {[%emt 0:00:02]} g5 {[%emt 0:00:09]} 39. hxg5 {[%emt 0:00:15]} Nxg5 {[%emt 0:00:05]} 40. Be2 {[%emt 0:00:02]} h4 {[%emt 0:00:08]} 41. gxh4 {[%emt 0:00:14]} Ne6 {[%emt 0:00:00]} 42. Qxc4 {[%emt 0:00:02]} Qxh4 {[%emt 0:00:05]} 43. Qd3 {[%emt 0:00:05]} Nf4+ {[%emt 0:00:05]} 44. Kf1 {[%emt 0:00:02]} Qh1# {[%emt 0:00:08]} 0-1

[Event "Redbull chessmasters 2019"]
[Site "Istambul"]
[Date "2019.11.24"]
[Round "7.16"]
[White "Ozdemir, Cemre"]
[Black "Sahin, Handenur"]
[Result "1/2-1/2"]
[WhiteElo "1326"]
[BlackElo "2014"]
[Annotator "NA"]
[PlyCount "139"]
[EventDate "2019.11.23"]
[EventType "k.o."]
[EventCountry "TUR"]
[SourceTitle "playchess.com"]
[Source "ChessBase"]
[SourceQuality "1"]
[TimeControl "600+5"]

1. e4 {[%emt 0:00:00]} e5 {[%emt 0:00:00]} 2. Nf3 {[%emt 0:00:05]} Nc6 {[%emt 0:00:05]} 3. Bb5 {[%emt 0:00:05]} a6 {[%emt 0:00:05]} 4. Ba4 {[%emt 0:00:00]} Nf6 {[%emt 0:00:00]} 5. O-O {[%emt 0:00:00]} Be7 {[%emt 0:00:00]} 6. Re1 {[%emt 0:00:00]} d6 {[%emt 0:00:06]} 7. h3 {[%emt 0:00:00]} O-O {[%emt 0:00:09]} 8. c3 {[%emt 0:00:05]} b5 {[%emt 0:00:05]} 9. Bb3 {[%emt 0:00:05]} Nd7 {[%emt 0:00:05]} 10. d4 {[%emt 0:00:00]} Bf6 {[%emt 0:00:01]} 11. Be3 {[%emt 0:00:58]} Na5 {[%emt 0:00:38]} 12. Bc2 {[%emt 0:00:03]} Nc4 {[%emt 0:00:03]} 13. b3 {[%emt 0:00:53]} Nxe3 {[%emt 0:00:04]} 14. fxe3 {[%emt 0:00:36]} Bb7 {[%emt 0:00:12]} 15. Nbd2 {[%emt 0:00:12]} c5 {[%emt 0:00:04]} 16. Nf1 {[%emt 0:00:01]} Rc8 {[%emt 0:00:28]} 17. Ng3 {[%emt 0:00:21]} g6 {[%emt 0:00:14]} 18. Rc1 {[%emt 0:00:58]} Bg7 {[%emt 0:01:07]} 19. Qd2 {[%emt 0:01:16]} Qb6 {[%emt 0:00:32]} 20. Nh1 {[%emt 0:01:25]} Rfe8 {[%emt 0:00:39]} 21. Nf2 {[%emt 0:00:03]} Rcd8 {[%emt 0:00:38]} 22. Bb1 {[%emt 0:00:19]} a5 {[%emt 0:00:47]} 23. a3 {[%emt 0:00:29]} d5 {[%emt 0:00:49]} 24. Bc2 {[%emt 0:01:25]} cxd4 {[%emt 0:01:04]} 25. cxd4 {[%emt 0:00:28]} exd4 {[%emt 0:00:48]} 26. exd4 {[%emt 0:00:10]} dxe4 {[%emt 0:00:07]} 27. Bxe4 {[%emt 0:00:20]} Bxe4 {[%emt 0:00:20]} 28. Nxe4 {[%emt 0:00:06]} Nf8 {[%emt 0:00:22]} 29. Rcd1 {[%emt 0:01:44]} Ne6 {[%emt 0:00:11]} 30. Nc3 {[%emt 0:00:12]} b4 {[%emt 0:01:07]} 31. Na4 {[%emt 0:00:04]} Qd6 {[%emt 0:00:35]} 32. axb4 {[%emt 0:00:05]} axb4 {[%emt 0:00:02]} 33. Qf2 {[%emt 0:00:05]} Nf4 {[%emt 0:00:12]} 34. Nc5 {[%emt 0:00:06]} Rxe1+ {[%emt 0:00:22]} 35. Rxe1 {[%emt 0:00:01]} Bxd4 {[%emt 0:00:27]} 36. Nxd4 {[%emt 0:00:05]} Qxd4 {[%emt 0:00:02]} 37. Qxd4 {[%emt 0:00:02]} Rxd4 {[%emt 0:00:00]} 38. Re4 {[%emt 0:00:02]} Rxe4 {[%emt 0:00:07]} 39. Nxe4 {[%emt 0:00:05]} Ne2+ {[%emt 0:00:05]} 40. Kf2 {[%emt 0:00:05]} Nd4 {[%emt 0:00:05]} 41. Nc5 {[%emt 0:00:00]} f5 {[%emt 0:00:02]} 42. Nd3 {[%emt 0:00:00]} Nxb3 {[%emt 0:00:09]} 43. Nxb4 {[%emt 0:00:02]} Kf7 {[%emt 0:00:05]} 44. Kf3 {[%emt 0:00:05]} Ke6 {[%emt 0:00:05]} 45. Nd3 {[%emt 0:00:00]} Kf6 {[%emt 0:00:00]} 46. Kf4 {[%emt 0:00:00]} g5+ {[%emt 0:00:00]} 47. Kf3 {[%emt 0:00:05]} Nd4+ {[%emt 0:00:04]} 48. Ke3 {[%emt 0:00:05]} Nc6 {[%emt 0:00:00]} 49. Kf3 {[%emt 0:00:00]} Ne5+ {[%emt 0:00:00]} 50. Nxe5 {[%emt 0:00:13]} Kxe5 {[%emt 0:00:01]} 51. Ke3 {[%emt 0:00:05]} h5 {[%emt 0:00:05]} 52. g3 {[%emt 0:00:03]} f4+ {[%emt 0:00:10]} 53. Kf3 {[%emt 0:00:34]} fxg3 {[%emt 0:00:09]} 54. Kxg3 {[%emt 0:00:05]} Ke4 {[%emt 0:00:05]} 55. Kf2 {[%emt 0:00:05]} Kf4 {[%emt 0:00:00]} 56. Kg2 {[%emt 0:00:07]} h4 {[%emt 0:00:00]} 57. Kf2 {[%emt 0:00:01]} Ke4 {[%emt 0:00:00]} 58. Ke2 {[%emt 0:00:14]} Ke5 {[%emt 0:00:03]} 59. Ke3 {[%emt 0:00:06]} Kf6 {[%emt 0:00:06]} 60. Kf2 {[%emt 0:00:01]} Ke6 {[%emt 0:00:09]} 61. Ke2 {[%emt 0:00:02]} Kd6 {[%emt 0:00:04]} 62. Kf2 {[%emt 0:00:02]} Kd5 {[%emt 0:00:03]} 63. Kf3 {[%emt 0:00:02]} Ke5 {[%emt 0:00:02]} 64. Ke3 {[%emt 0:00:01]} Kd5 {[%emt 0:00:29]} 65. Kf3 {[%emt 0:00:01]} Ke6 {[%emt 0:00:07]} 66. Ke2 {[%emt 0:00:08]} Kf7 {[%emt 0:00:17]} 67. Kf3 {[%emt 0:00:03]} Kg6 {[%emt 0:00:02]} 68. Kg2 {[%emt 0:00:03]} Kf6 {[%emt 0:00:05]} 69. Kf2 {[%emt 0:00:01]} Ke5 {[%emt 0:00:06]} 70. Ke3 {[%emt 0:00:02]} 1/2-1/2

[Event "Redbull chessmasters 2019"]
[Site "Istambul"]
[Date "2019.11.24"]
[Round "8.1"]
[White "Gunduz, Umut Erdem"]
[Black "Aliakbarov, Anar"]
[Result "0-1"]
[WhiteElo "2172"]
[BlackElo "2219"]
[Annotator "NA"]
[PlyCount "118"]
[EventDate "2019.11.23"]
[EventType "k.o."]
[EventCountry "TUR"]
[SourceTitle "playchess.com"]
[Source "ChessBase"]
[SourceQuality "1"]

1. e4 c5 2. Nf3 e6 3. d4 cxd4 4. Nxd4 Nf6 5. Nc3 Nc6 6. Ndb5 Bb4 7. a3 Bxc3+ 8. Nxc3 d5 9. exd5 Nxd5 10. Bd2 O-O 11. Be2 e5 12. O-O Be6 13. Bf3 Nd4 14. Bxd5 Bxd5 15. Be3 Bc6 16. f4 Nf5 17. Bc5 Re8 18. Qg4 Nh6 19. Qg3 e4 20. f5 Qf6 21. Rad1 Rad8 22. Rxd8 Rxd8 23. Bxa7 Nxf5 24. Qc7 Qd6 25. Bb6 Qxc7 26. Bxc7 Rd7 27. Rxf5 Rxc7 28. Kf2 g6 29. Re5 f5 30. Ke3 Kf7 31. Rc5 Rd7 32. b4 Rd6 33. b5 Bd7 34. Rc7 b6 35. Ne2 Kf6 36. Nd4 Ke5 37. Nc6+ Bxc6 38. bxc6 f4+ 39. Ke2 e3 40. Rc8 Rd2+ 41. Ke1 Rxc2 42. c7 Kd6 43. Rf8 Kxc7 44. Rxf4 Rxg2 45. Rf7+ Kc6 46. Rxh7 Ra2 47. Rh6 Kc5 48. h4 Rh2 49. Rxg6 Rxh4 50. Ke2 Ra4 51. Kxe3 Rxa3+ 52. Kd2 Ra2+ 53. Kc3 Ra3+ 54. Kb2 Rd3 55. Rg5+ Rd5 56. Rxd5+ Kxd5 57. Kb3 Kc5 58. Kb2 b5 59. Kb1 b4 0-1